000 00696cam a22002413a 4500
001 23744
003 PGUSA
005 20140828083515.0
008 071205s2007||||xxu|||||s|||||000 1 eng d
040 _aPGUSA
_beng
042 _adc
050 4 _aPZ
100 1 _aStoddard, William Osborn,
_d1835-1925
245 1 0 _aAhead of the Army
_h[electronic resource] /
_cWilliam Osborn Stoddard
260 _bProject Gutenberg,
_c2007
506 _aPublic domain in the USA.
516 _aElectronic text
653 _aMexican War, 1846-1848 -- Juvenile fiction
700 1 _aEmerson, Chase
830 0 _aProject Gutenberg
_v23744
856 4 0 _uhttp://www.gutenberg.org/ebooks/23744
942 _cEB
999 _c252999
_d252999